| 000 | 00604nam a2200193Ia 4500 | ||
|---|---|---|---|
| 999 |
_c31687 _d31687 |
||
| 003 | GCL | ||
| 005 | 20240530102347.0 | ||
| 008 | 140319s9999 xx 000 0 ara d | ||
| 040 |
_aGCL / _cGCL |
||
| 082 | 0 | 4 |
_a170 _bم ج |
| 100 | 1 | _aمحمد مدين | |
| 245 | 1 | 0 |
_aجورج ادواردمور بحث فى منطق التصورات الاخلاقية / _cمحمد مدين |
| 260 |
_a[S.N] : _bدار الثقافة للنشر والتوزيع ، _c1986 |
||
| 300 | _a360 ص | ||
| 650 | 0 | 4 | _aالفلسفة |
| 650 | 0 | 4 | _aفلسفة الاخلاق |
| 650 | 0 | 4 | _aادوارمور |
| 942 |
_2ddc _cBK |
||